000 00810nam a2200253Ia 4500
003 OSt
005 20220918170717.0
006 a|||||r|||| 00| 0
007 ta
008 220917b |||||||| |||| 00| 0 eng d
020 _a9780415674232 (pbk)
_c2436.55
024 _a284,892
037 _b43599, 17/03/2015, Segment Book Distributors
_cTextual
040 _aARTS
_cARTS
_beng
041 _2eng
_aeng
082 _aP111:(S:682), Q2
100 _aAllington Daniel Ed.
_930544
245 0 _aCommunicating in english
_bTalk, text, technology
260 _aNew York
_bRoutledge U.S.A
_c2012
300 _aiv, 385p.
_ccm.
650 _aLINGUISTICS
942 _hP111:(S:682), Q2
_cTEXL
_2CC
999 _c135282
_d135282